| 000 | 00957nam a22002777a 4500 | ||
|---|---|---|---|
| 003 | EG-ScBUE | ||
| 005 | 20220329120916.0 | ||
| 008 | 220329s2018 ua f 000 f ara d | ||
| 017 | _a2018 / 15111 | ||
| 020 | _a9789776467996 | ||
| 040 |
_aEG-ScBUE _bara _erda _cEG-ScBUE _dEG-ScBUE |
||
| 082 | 0 | 4 |
_222 _a892.736 _bع ي س |
| 100 | 1 |
_aعيسى، إبراهيم، _d1965- _eمؤلف. _938776 |
|
| 245 | 1 | 0 |
_aحروب الرحماء / _cإبراهيم عيسى. |
| 246 | 3 | 4 |
_aحروب الرحماء : _bرواية |
| 264 | 1 |
_aالقاهرة : _bدار الكرمة للنشر، _c2018. |
|
| 300 |
_a683 صفحة ؛ _c24 سم. |
||
| 336 |
_2rdacontent _aنص _btxt |
||
| 337 |
_2rdamedia _aبدون وسيط _bn |
||
| 338 |
_2rdacarrier _aمجلد _bnc |
||
| 490 | 0 | _aالقتلة الأوائل | |
| 650 | 7 |
_aالقصص التاريخية العربية _yقرن 21. _2BUEsh |
|
| 653 |
_bARALIT _cMarch2022 |
||
| 655 |
_vReading book _934232 |
||
| 942 | _2ddc | ||
| 999 |
_c29871 _d29842 |
||